Early performance of a few Hevea clones in large scale trial (Record no. 49351)

MARC details
000 -LEADER
fixed length control field 00473nam a2200145Ia 4500
100 ## - MAIN ENTRY--AUTHOR NAME
Personal name Marattukalam J.G.
245 #0 - TITLE STATEMENT
Title Early performance of a few Hevea clones in large scale trial
260 ## - PUBLICATION, DISTRIBUTION, ETC. (IMPRINT)
Name of publisher Placrosym VII, 1986, Coonoor, India. Journal of Plantation Crops, 16(Supplement):377-381
Year of publication 1989
650 ## - SUBJECT ADDED ENTRY--TOPICAL TERM
Topical Term Clone
650 ## - SUBJECT ADDED ENTRY--TOPICAL TERM
Topical Term Early performance
700 ## - ADDED ENTRY--PERSONAL NAME
Personal name Panikkar A.O.N.
700 ## - ADDED ENTRY--PERSONAL NAME
Personal name Saraswathyamma C.K.
942 ## - ADDED ENTRY ELEMENTS (KOHA)
Koha item type Bibliography STAF
Holdings
Withdrawn status Lost status Damaged status Not for loan Home library Current library Shelving location Date acquired Koha item type
      Bibliography RRII Library RRII Library Botany 09/04/2014 Bibliography STAF